000 00620nam a22001937a 4500
999 _c11246
_d11246
008 181022b ||||| |||| 00| 0 eng d
020 _a978-621-416-014-3
082 _22016
_aDFil 657.835
_bP969
100 _aPunzalan, Angelito R.
_932377
245 _aGovernment accounting/
_cAngelito R. Punzalan and Milagros M. Cardona
250 _aTwelve Edition
260 _aManila:
_bGIC Enterprises & Co.,
_c©2016.
300 _a482 pages:
_billustrations;
_c23 cm.
500 _aIncludes appendix.
650 _aAccounting
_932378
700 _aCardona, Milagros M.
_932379
365 _b810.00
_cPhp.
942 _2ddc
_cDFIL